000 02104nam0a2200313 4500
001 RU\NLR\bibl\1329975
005 20260408202808.0
021 _aRU
_b2008-102407
_96022
035 _a(NLR Aleph) 001315218
090 _a704784
_c704784
100 _a20090216d2008 |||y0rusy50 ca
101 0 _arus
102 _aRU
105 _aach |||||||||
200 1 _aВыпускники института медицинского образования НовГУ имени Ярослава Мудрого
_eпосвящается 15-летию образования ИМО
_fФедер. агентство по образованию, Новгор. гос. ун-т им. Ярослава Мудрого
_gпод ред. В.Р. Вебера
_g[сост.: Александрова Галина Александровна и др.]
210 _aВеликий Новгород
_cИздательско-полиграфический центр Новгородского государственного университета
_d2008
215 _a141 с.
_cил., факс., портр.
_d21
601 0 2 _aНовгородский государственный университет им. Ярослава Мудрого
_bИнститут медицинского образования
_xВыпускники
_3RU\NLR\auth\661515635
_92562272
686 _aР.е(2)л31 Новгородский
702 1 _4220
_8rus
_7ca
_aАлександрова
_bГ. А.
_cд-р мед. наук, гигиена
_gГалина Александровна
_3RU\NLR\AUTH\7768971
_951899
702 1 _4340
_7ca
_8rus
_aВебер
_bВ. Р.
_cд-р мед. наук
_f1954-
_gВиктор Робертович
_9253750
_3RU\NLR\AUTH\770253806
711 0 2 _aНовгородский государственный университет им. Ярослава Мудрого
_bИнститут медицинского образования
_3RU\NLR\AUTH\8810029706
_9557987
801 0 _aRU
_bNLR
_c20090216
_gRCR
801 1 _aRU
_bNLR
_c20090216
942 _cBOOK
980 _aNB
980 _aNBR